书目信息 |
| 题名: |
片场疑云
|
|
| 作者: | 布罗克曼 著 ;朱真 译 | |
| 分册: | ||
| 出版信息: | 广州 花城出版社 2007.01 |
|
| 页数: | 336页 | |
| 开本: | 21cm | |
| 丛书名: | ||
| 单 册: | ||
| 中图分类: | I712.45 | |
| 科图分类: | ||
| 主题词: | 长篇小说--chang pian xiao shuo--美国--现代 | |
| 电子资源: | ||
| ISBN: | 9787536050143 | |
| 000 | 01176nam0 2200241 450 | |
| 001 | 012007243840 | |
| 005 | 20070625094755.76 | |
| 010 | @a9787536050143@dCNY23.00 | |
| 100 | @a20070417d2007 km y0chiy0120 ea | |
| 101 | 1 | @achi@ceng |
| 102 | @aCN@b440000 | |
| 105 | @ay z 000ay | |
| 200 | 1 | @a片场疑云@Apian chang yi yun@d= Hot target@f(美) 苏珊娜·布罗克曼著@F(mei)su shan na·bu luo ke man zhu@g朱真译@Gzhu zhen yi@zeng |
| 210 | @a广州@c花城出版社@d2007.01 | |
| 215 | @a336页@d21cm | |
| 330 | @a本书讲述的故事是:简是位特立独行、性感迷人的电影制片人。她正在拍摄二战题材的史诗巨片招惹了极端恐怖分子,一时间恐吓不断。科斯莫是海豹三栖突击队队长。强壮的身躯、缜密的思维、精准的枪法,使他成为保护简的不二人选。一个是为了电影而不惜一切的女强人,一个是对职业一丝不苟的男保镖,两人几乎到了水火不容的地步。就在这时,离奇的事故乃至命案接连在片场周围发生,就在恐怖威胁步步逼近,科斯莫和简的关系却发生了微妙的变化......。 | |
| 500 | 10 | @aHot target@mChinese |
| 606 | 0 | @a长篇小说@Achang pian xiao shuo@y美国@z现代 |
| 690 | @aI712.45@v4 | |
| 701 | 1 | @a布罗克曼@Abu luo ke man@g(Brockmann, Suzanne)@4著 |
| 702 | 0 | @a朱真@Azhu zhen@4译 |
| 801 | 0 | @aCN@c20070625 |
| 905 | @dI712.45@eB982 | |
| 片场疑云= Hot target/(美) 苏珊娜·布罗克曼著/朱真译.-广州:花城出版社,2007.01 |
| 336页;21cm |
| ISBN 9787536050143:CNY23.00 |
| 本书讲述的故事是:简是位特立独行、性感迷人的电影制片人。她正在拍摄二战题材的史诗巨片招惹了极端恐怖分子,一时间恐吓不断。科斯莫是海豹三栖突击队队长。强壮的身躯、缜密的思维、精准的枪法,使他成为保护简的不二人选。一个是为了电影而不惜一切的女强人,一个是对职业一丝不苟的男保镖,两人几乎到了水火不容的地步。就在这时,离奇的事故乃至命案接连在片场周围发生,就在恐怖威胁步步逼近,科斯莫和简的关系却发生了微妙的变化......。 |
| ● |
| 相关链接 |
|
|
|
正题名:片场疑云
索取号:I712.45/B982
 
预约/预借
| 序号 | 登录号 | 条形码 | 馆藏地/架位号 | 状态 | 备注 |
| 1 | 241431 | 202414315 | 文学库116/116文学库 26排3列4层/ [索取号:I712.45/B982] | 在馆 | |
| 2 | 241432 | 202414324 | 文学库116/116文学库 26排3列4层/ [索取号:I712.45/B982] | 在馆 | |
| 3 | 241433 | 202414333 | 社科二线422/422社科库 25排2列4层/ [索取号:I712.45/B982] | 在馆 |